| 000 | 00418nam a2200121Ia 4500 | ||
|---|---|---|---|
| 008 | 160609s9999 xx 000 0 und d | ||
| 100 | _aMcGrew, John H. | ||
| 245 | _aCompass And Implementation Science: Improving Educational Outcomes Of Children With Asd | ||
| 245 | _cBy:John H. McGrew, Lisa A. Ruble | ||
| 260 | _c2015 | ||
| 650 | _xSCIENCE | ||
| 856 | _uhttp://file.ebook777.com/ComAndImpSciImpEduOutOfChiWitAsd.pdf | ||
| 999 |
_c295846 _d295846 |
||